000 00801aab a2200217 4500
001 768714001
003 CO-MdFUSB
005 20240607164448.0
008 170512s1994 cr ||||| |||| 00| 0 spa d
022 _a1409-1968
040 _aCO-MdFUSB
_bspa
_cCO-MdFUSB
_dCO-MdFUSB
041 _aspa
100 1 _aAdams, Jay A.
_eautor
245 1 0 _a25 principios básicos del aconsejador bíblico
_c/ Jay A. Adams
300 _aVolumen 11. Número 6 (1994), páginas 24-27
_c: 27 cm.
520 _aEn este articulo se enumeran 25 principios que un aconsejador bíblico debe tener en cuenta para desarrollar su ministerio.
650 0 _aConsejería pastoral
_9228
773 0 _tApuntes Pastorales
_049442
_960180
_gVolumen 11. Número 6 (1994), páginas 24-27
_qPágina 24
942 _cANA
945 _aJTF-925
999 _c53187
_d53187